|
|
|
|
| LEADER |
00000cam a2200000 4500 |
| 001 |
vtls012227475 |
| 003 |
SK-MaSNL |
| 005 |
20260425225750.0 |
| 008 |
230413s2022 xo h f n 000 0 slo |
| 015 |
|
|
|a SNBA2023/05
|
| 020 |
|
|
|a 9788057202677
|q (viazané)
|
| 040 |
|
|
|a SNK
|b slo
|c SNK
|e rda
|
| 041 |
1 |
|
|a slo
|b eng
|b slo
|
| 043 |
|
|
|a e-xo---
|
| 044 |
|
|
|a xo
|c SK
|
| 072 |
|
7 |
|a 314
|x Demografia. Populácia
|2 konspekt
|
| 080 |
|
|
|a 314
|2 2011
|
| 080 |
|
|
|a 314.116
|2 2011
|
| 080 |
|
|
|a (437.6)
|2 2011
|
| 080 |
|
|
|a (048.8)
|2 2011
|
| 100 |
1 |
|
|a Tišliar, Pavol,
|d 1975-
|4 aut
|9 225338
|
| 245 |
1 |
0 |
|a Malé dejiny veľkých akcií
|b sčítanie ľudu a súpisné akcie na Slovensku v rokoch 1919-1950
|c Pavol Tišliar a Branislav Šprocha
|
| 246 |
3 |
0 |
|a Sčítanie ľudu a súpisné akcie na Slovensku v rokoch 1919-1950
|
| 250 |
|
|
|a 1. vydanie
|
| 264 |
|
1 |
|a Trnava
|b Univerzita sv. Cyrila a Metoda v Trnave
|c 2022
|
| 300 |
|
|
|a 350 strán
|b faksimile
|c 22 cm
|
| 336 |
|
|
|a text
|b txt
|2 rdacontent
|
| 337 |
|
|
|a bez média
|b n
|2 rdamedia
|
| 338 |
|
|
|a zväzok
|b nc
|2 rdacarrier
|
| 366 |
|
|
|e 150 kusov
|
| 500 |
|
|
|a Obsahuje zoznam skratiek a obrázkov
|
| 500 |
|
|
|a Obsahuje poznámky pod čiarou
|
| 500 |
|
|
|a Na titulnom liste nad názvom: Univerzita sv. Cyrila a Metoda v Trnave, Filozofická fakulta
|
| 504 |
|
|
|a Obsahuje bibliografiu na strane 329-349, bibliografické odkazy
|
| 546 |
|
|
|a Anglické resumé
|
| 648 |
|
7 |
|a 1919-1950
|2 SNKPH
|9 286246
|
| 650 |
0 |
7 |
|a obyvateľstvo
|2 SNKPH
|9 4654
|
| 650 |
0 |
7 |
|a sčítanie obyvateľov, domov a bytov
|2 SNKPH
|9 58111
|
| 650 |
0 |
7 |
|a Population
|2 SNKPHeng
|9 265816
|
| 650 |
0 |
7 |
|a Population and Housing Census
|2 SNKPHeng
|9 336192
|
| 651 |
|
7 |
|a Slovensko
|2 SNKPHgeo
|9 14231
|
| 651 |
|
7 |
|a Slovakia
|2 SNKPHeng
|9 92630
|
| 655 |
|
7 |
|a monografie
|2 SNKPH
|9 70139
|
| 655 |
|
7 |
|a Monographs
|2 SNKPHeng
|9 120675
|
| 700 |
1 |
|
|a Šprocha, Branislav,
|d 1983-
|4 aut
|9 157203
|
| 710 |
2 |
|
|a Univerzita sv. Cyrila a Metoda v Trnave.
|b Filozofická fakulta
|4 pbl
|9 124567
|
| 852 |
|
|
|a Slovenská národná knižnica
|
| 919 |
|
|
|a 978-80-572-0267-7
|
| 954 |
|
|
|a odborná, vedecká literatúra pôvodná (slovenská)
|2 lita
|
| 958 |
|
|
|a NB
|
| 999 |
|
|
|c 658151
|d 660081
|
| 952 |
|
|
|a SNK
|b SNK
|y PREZ
|7 0
|p 17A1528340
|o snkSC 201853
|i snk2023/6487
|8 0
|0 0
|1 0
|4 0
|d 2023-04-21
|f 1
|l 0
|r 2025-10-24 00:00:00
|w 2026-02-23
|